01483cam a22004214i 4500003000900000005001700009008004100026020001800067020001500085035002000100040003300120082001900153100003100172245010300203264006600306300004300372336002100415337002500436338002300461504004000484505025700524526001000781526001000791526001000801526001000811526000800821526000800829526000800837526000800845526000800853526000800861526000800869650003300877650003100910650003300941650004100974650004601015PE-LiUPU20250731172909.0170504s1994 nyu rb 000 0 eng d a9780679426004 a0679426000 a(Sirsi) a167521 aPE-LiUPUbspacPE-LiUPUerda04a291.2bA742201 aArmstrong, Karen.,eautor.12aA history of God :bthe 4000-year quest of Judaism, Christianity, and Islam /cby Karen Armstrong. 1aNew York :bA.A. Knopf :bDistributed by Random House,c1994. axxiii, 460 páginas ;c25 centimetros atext2rdacontent aunmediated2rdamedia avolume2rdacarrier aBibliografía : páginas 427-436.0 aIntroduction -- In the Beginning -- One God -- A ligbt to the gentiles -- Trinity: the christian God -- Unity: the God of Islam -- The God of the philosophers -- The God of the reformers -- Enlightenment -- The death of God? -- Does God have a future?. aSEG42 aSEG41 aSEG40 aSEG39 aP94 aP87 aP86 aP85 aP77 aP76 aP35 0aDiosxEstudios comparativos.04aDiosxEnseñanza biblica.04aDiosxHistoria de doctrinas.04aDios (Islam)xHistoria de doctrinas.04aDios (judaísmo)xHistoria de doctrinas.